| 000 | 00000nam 2200000za 4500 |
| 001 | 9.581598 |
| 003 | CaOODSP |
| 005 | 20221123120548 |
| 007 | cr ||||||||||| |
| 008 | 150406s2014||||oncd||||o f000 0 eng d |
| 040 | |aCaOODSP|beng |
| 043 | |an-cn--- |
| 086 | 1 |aYM32-2/2014-84E-PDF|zYM32-5/2014-84E-PDF |
| 100 | 1 |aLéonard, André. |
| 245 | 10|aProductivity in Canada |h[electronic resource] : |bconcepts and issues / |cAndré Léonard. |
| 260 | |aOttawa : |bParliamentary Information and Research Service, Library of Parliament, |cc2014. |
| 300 | |ai, 13 p. : |bgraphs |
| 490 | 1 |aBackground paper ;|v2014-84-E |
| 500 | |a"16 September 2014." |
| 500 | |aIssued also in French under title: La productivité au Canada: concepts et enjeux. |
| 504 | |aIncludes bibliographical references. |
| 590 | |a15-12|b2015-03-20 |
| 710 | 1 |aCanada. |bParliamentary Information and Research Service. |
| 775 | 08|tLa productivité au Canada |w(CaOODSP)9.608370 |
| 830 | #0|aBackground paper (Canada. Parliamentary Information and Research Service : Online)|v2014-84-E|w(CaOODSP)9.504914 |
| 856 | 40|ahttp://publications.gc.ca|qPDF|s621 KB|uhttps://publications.gc.ca/collections/collection_2015/bdp-lop/eb/2014-84-eng.pdf|y2014-84-E |